<?xml version="1.0" encoding="UTF-8"?>
<marc:record xmlns:marc="http://www.loc.gov/MARC21/slim">
   <marc:leader>00000nam a2200000 a 4500</marc:leader>
   <marc:datafield ind1="1" ind2=" " tag="100">
      <marc:subfield code="a">Stellner, David</marc:subfield>
      <marc:subfield code="4">aut</marc:subfield>
      <marc:subfield code="e">Verfasser/-in</marc:subfield>
   </marc:datafield>
   <marc:datafield ind1="0" ind2="0" tag="245">
      <marc:subfield code="a">Die Abenteuer vom Wastl und seinen Freunden</marc:subfield>
   </marc:datafield>
   <marc:datafield ind1=" " ind2="1" tag="264">
      <marc:subfield code="b">Janetschek</marc:subfield>
      <marc:subfield code="c">2017</marc:subfield>
   </marc:datafield>
   <marc:datafield ind1="1" ind2=" " tag="520">
      <marc:subfield code="a">Der Wastl und seine Freunde sind Träumer. Und das ist auch gut so. Sie entdecken ihre Leidenschaften und die Liebe, treffen auf einen Zauberer und andere magische Kreaturen, helfen sich gegenseitig, tricksen ihre Direktorin aus und strawanzen durch die Gegend. Sie erleben Abenteuer, die es wert sind, gelesen oder vorgelesen zu werden, ob von Kindern oder junggebliebenen Erwachsenen.</marc:subfield>
   </marc:datafield>
   <marc:datafield ind1=" " ind2=" " tag="020">
      <marc:subfield code="a">9783200053731</marc:subfield>
      <marc:subfield code="9">9783200053731</marc:subfield>
   </marc:datafield>
</marc:record>
